Strategies & Techniques For Successful Selling (Record no. 885694)

MARC details
000 -LEADER
fixed length control field 00288nam a2200109Ia 4500
008 - FIXED-LENGTH DATA ELEMENTS--GENERAL INFORMATION
fixed length control field 231011s9999 xx 000 0 und d
041 ## - LANGUAGE CODE
Language code of text/sound track or separate title eng
100 ## - MAIN ENTRY--PERSONAL NAME
Personal name F.L..Lobo
245 ## - TITLE STATEMENT
Title Strategies & Techniques For Successful Selling
260 ## - PUBLICATION, DISTRIBUTION, ETC.
Name of publisher, distributor, etc. Global Business Press Delhi-95 -
365 ## - TRADE PRICE
Price amount 385

No items available.